Normal view
MARC view
Entry Personal Name
001 - CONTROL NUMBER
- control field: 24429
003 - CONTROL NUMBER IDENTIFIER
- control field: ARRUPE
005 - DATE AND TIME OF LATEST TRANSACTION
- control field: 20160725142440.0
008 - FIXED-LENGTH DATA ELEMENTS
- fixed length control field: 160725|| aca||aabn | a|a d
040 ## - CATALOGING SOURCE
- Original cataloging agency: ARRUPE
- Transcribing agency: ARRUPE
100 ## - HEADING--PERSONAL NAME
- Personal name: Wole Soyinka
670 ## - SOURCE DATA FOUND
- Source citation: Work cat.: (ARRUPE)7411: Soyinka, Wole 7154, The Jero plays